Methods for Development Work and Research : (Record no. 10759)

MARC details
000 -LEADER
fixed length control field 01436cam a22003254a 4500
001 - CONTROL NUMBER
control field 13807711
005 - DATE AND TIME OF LATEST TRANSACTION
control field 20060815210125.0
008 - FIXED-LENGTH DATA ELEMENTS--GENERAL INFORMATION
fixed length control field 041206s2005 ii a b 001 0 eng
010 ## - LIBRARY OF CONGRESS CONTROL NUMBER
LC control number 2004028917
020 ## - INTERNATIONAL STANDARD BOOK NUMBER
International Standard Book Number 0761933271 (hard back)
020 ## - INTERNATIONAL STANDARD BOOK NUMBER
International Standard Book Number 076193328X (paper back)
020 ## - INTERNATIONAL STANDARD BOOK NUMBER
International Standard Book Number 8178294818 (India-Hb)
020 ## - INTERNATIONAL STANDARD BOOK NUMBER
International Standard Book Number 8178294826 (India-Pb)
040 ## - CATALOGING SOURCE
Original cataloging agency DLC
Transcribing agency DLC
Modifying agency DLC
042 ## - AUTHENTICATION CODE
Authentication code pcc
050 00 - LIBRARY OF CONGRESS CALL NUMBER
Classification number HD77
Item number .M55 2005
082 00 - DEWEY DECIMAL CLASSIFICATION NUMBER
Classification number 330.072
Edition number 22
Item number MIK
100 1# - MAIN ENTRY--PERSONAL NAME
Personal name Mikkelsen, Britha.
245 10 - TITLE STATEMENT
Title Methods for Development Work and Research :
Remainder of title A New Guide for Practitioners /
Statement of responsibility, etc Britha Mikkelsen.
250 ## - EDITION STATEMENT
Edition statement 2nd ed.
260 ## - PUBLICATION, DISTRIBUTION, ETC. (IMPRINT)
Place of publication, distribution, etc New Delhi ;
-- Thousand Oaks, Calif. :
Name of publisher, distributor, etc SAGE Publications,
Date of publication, distribution, etc c2005.
300 ## - PHYSICAL DESCRIPTION
Extent 373 p. :
Other physical details ill. ;
Dimensions 25 cm.
504 ## - BIBLIOGRAPHY, ETC. NOTE
Bibliography, etc Includes bibliographical references (p. [350]-365) and index.
650 #0 - SUBJECT ADDED ENTRY--TOPICAL TERM
Topical term or geographic name as entry element Economic development
General subdivision Research
-- Methodology.
856 41 - ELECTRONIC LOCATION AND ACCESS
Materials specified Table of contents only
Uniform Resource Identifier <a href="http://www.loc.gov/catdir/toc/ecip054/2004028917.html">http://www.loc.gov/catdir/toc/ecip054/2004028917.html</a>
856 42 - ELECTRONIC LOCATION AND ACCESS
Materials specified Publisher description
Uniform Resource Identifier <a href="http://www.loc.gov/catdir/enhancements/fy0658/2004028917-d.html">http://www.loc.gov/catdir/enhancements/fy0658/2004028917-d.html</a>
942 ## - ADDED ENTRY ELEMENTS (KOHA)
Source of classification or shelving scheme Dewey Decimal Classification
Item type Book - Borrowing
Holdings
Withdrawn status Item status Source of classification or shelving scheme Damaged status Not for loan Vendor Home library Current library Shelving location Date acquired Source of acquisition Cost, normal purchase price Serial Enumeration / chronology Total Checkouts Total Renewals Full call number Barcode Date last seen Date last borrowed Koha item type
    Dewey Decimal Classification     Alahram Central Library Central Library First floor 09/02/2009   256.40 6478 2 4 330.072 MIK 000014624 15/07/2025 16/12/2014 Book - Borrowing